Chemical study of some Indian archaeological antiquities (Record no. 69182)

MARC details
000 -LEADER
fixed length control field 00869cam a22002651 4500
001 - CONTROL NUMBER
control field sa 66003935
003 - CONTROL NUMBER IDENTIFIER
control field DLC
005 - DATE AND TIME OF LATEST TRANSACTION
control field 20260227112239.0
008 - FIXED-LENGTH DATA ELEMENTS--GENERAL INFORMATION
fixed length control field 791016s1965 ii abf b 000 0 eng
010 ## - LIBRARY OF CONGRESS CONTROL NUMBER
LC control number sa 66003935
035 ## - SYSTEM CONTROL NUMBER
System control number (OCoLC)5530220
040 ## - CATALOGING SOURCE
Original cataloging agency DLC
Transcribing agency OCl
Modifying agency DLC
042 ## - AUTHENTICATION CODE
Authentication code premarc
050 00 - LIBRARY OF CONGRESS CALL NUMBER
Classification number DS419
Item number .P7 1965
082 ## - DEWEY DECIMAL CLASSIFICATION NUMBER
Classification number 915.403
100 1# - MAIN ENTRY--PERSONAL NAME
Personal name Prakash, Satya,
Dates associated with a name 1905-
245 10 - TITLE STATEMENT
Title Chemical study of some Indian archaeological antiquities
Statement of responsibility, etc. [by] Satya Prakash and N. S. Rawat.
250 ## - EDITION STATEMENT
Edition statement [1st ed.]
260 ## - PUBLICATION, DISTRIBUTION, ETC.
Place of publication, distribution, etc. Bombay,
-- New York,
Name of publisher, distributor, etc. Asia Pub. House
Date of publication, distribution, etc. [c1965]
300 ## - PHYSICAL DESCRIPTION
Extent 85 p.
Other physical details illus., map, plates.
Dimensions 23 cm.
490 0# - SERIES STATEMENT
Series statement Uttar Pradesh. State Council of Scientific and Industrial Research, monograph,
Volume/sequential designation 10
500 ## - GENERAL NOTE
General note Includes bibliographical references.
651 #0 - SUBJECT ADDED ENTRY--GEOGRAPHIC NAME
Geographic name India
General subdivision Antiquities.
700 1# - ADDED ENTRY--PERSONAL NAME
Personal name Rawat, N. S.,
Relator term joint author.

No items available.

Powered by Koha